Tilastot visalle Satunnaisia Suomen kuntien vaakunoita

Klikkaa tästä pelataksesi tätä visaa!

Yleistilastot

  • Tätä visaa on pelattu 2 647 kertaa
    (2 595 viimeisimmän päivityksen jälkeen)
  • Keskiarvotulos 6 / 12

Vastaustilastot

Vastaus% Oikein
Helsinki
86%
Vantaa
86%
Turku
83%
Tampere
75%
Espoo
74%
Hämeenlinna
74%
Oulu
71%
Nurmijärvi
67%
Seinäjoki
66%
Lappeenranta
64%
Savonlinna
64%
Jyväskylä
60%
Kotka
60%
Pori
60%
Rauma
58%
Imatra
57%
Kemi
57%
Porvoo
56%
Kuusamo
55%
Naantali
54%
Tornio
53%
Hamina
52%
Orimattila
52%
Rovaniemi
52%
Joensuu
51%
Mikkeli
51%
Kajaani
50%
Inari
49%
Säkylä
49%
Vaasa
49%
Kuopio
48%
Sipoo
48%
Ii
47%
Tuusula
47%
Ylöjärvi
44%
Kokkola
42%
Kouvola
42%
Lahti
40%
Laukaa
40%
Kerava
38%
Multia
37%
Raasepori
36%
Kangasala
34%
Kirkkonummi
33%
Lieto
33%
Varkaus
33%
Raisio
32%
Hyvinkää
31%
Raahe
31%
Järvenpää
29%
Kaarina
29%
Laitila
29%
Riihimäki
29%
Lohja
27%
Maarianhamina
27%
Loimaa
26%
Sastamala
26%
Valkeakoski
26%
Iisalmi
25%
Nokia
25%
Salo
24%
Mäntsälä
23%
Lempäälä
22%
Heinola
21%
Kempele
21%
Hollola
18%
Siilinjärvi
14%
Vihti
11%

Tulosjakauma

Persentiili vastausten määrän mukaan

Jokaisen tuloksen saaneiden osuus

Tuloshistoriasi

Et ole pelannut tätä visaa sen viimeisimmän päivityksen jälkeen